Flags of the British Counties - Statistics

General Stats
  • This quiz has been taken 32 times
  • The average score is 27 of 48
Answer Stats
Picture Answer % Correct
Cornwall
84%
Nottinghamshire
79%
Berkshire
74%
Cambridgeshire
74%
Devon
74%
Lancashire
74%
Buckinghamshire
68%
Dorset
68%
Essex
68%
Oxfordshire
68%
Bedfordshire
63%
City of London
63%
Kent
63%
North Yorkshire
63%
South Yorkshire
63%
Durham
58%
Herefordshire
58%
Lincolnshire
58%
Northumberland
58%
Warwickshire
58%
Cheshire
53%
Cumbria
53%
Derbyshire
53%
East Sussex
53%
Hertfordshire
53%
Leicestershire
53%
Rutland
53%
Somerset
53%
Surrey
53%
West Sussex
53%
West Yorkshire
53%
Worcestershire
53%
Gloucestershire
47%
Greater Manchester
47%
Hampshire
47%
Isle of Wight
47%
Norfolk
47%
Northamptonshire
47%
Shropshire
47%
Staffordshire
47%
Suffolk
47%
Tyne and Wear
47%
Wiltshire
47%
Bristol
42%
East Riding of Yorkshire
42%
Greater London
42%
Merseyside
42%
West Midlands
37%
No matching quizzes found
Score Distribution
Percent of People with Each Score
Percentile by Number Answered
Your Score History
You have not taken this quiz